[Event "BRA-ch U26"]
[Site "Brasilia"]
[Date "2019.04.26"]
[Round "7"]
[White "Noguerol, Alvaro Vinueza"]
[Black "Da Costa, Roberto Rodrigues G"]
[Result "0-1"]
[WhiteElo "1800"]
[BlackElo "1800"]
[PlyCount "104"]
[EventDate "2019.04.23"]
[EventType "swiss"]
[EventRounds "7"]
[EventCountry "BRA"]
[SourceTitle "CBM 190 Extra"]
[Source "ChessBase"]
[SourceDate "2019.07.15"]
[SourceVersion "1"]
[SourceVersionDate "2019.07.15"]
[SourceQuality "1"]

1. d4 Nf6 2. Bg5 e6 3. e4 Be7 4. Nc3 d5 5. e5 Nfd7 6. Bxe7 Qxe7 7. f4 a6 8. Nf3 c5 9. Qd2 Nc6 10. Ne2 0-0 11. c3 cxd4 12. cxd4 Qb4 13. a3 Qxd2+ 14. Kxd2 Na5 15. Nc1 b5 16. b4 Nc4+ 17. Bxc4 dxc4 18. Ne2 Bb7 19. Nc3 Nb6 20. Ke3 Nd5+ 21. Nxd5 Bxd5 22. Rhc1 a5 23. Ne1 axb4 24. axb4 Rxa1 25. Rxa1 Ra8 26. Rxa8+ Bxa8 27. g3 h6 28. h4 Kh7 29. g4 h5 30. g5 Kg6 31. Nc2 Kf5 32. d5 Bxd5 33. Nd4+ Kg4 34. Nxb5 Kxh4 35. Nc7 Bb7 36. g6 fxg6 37. Nxe6 Kg4 38. b5 h4 39. Ng5 Kf5 40. Nh3 Bc8 41. Kd4 c3 42. Kxc3 Ke4 43. e6 Kd5 44. e7 Bd7 45. Kb4 Kd6 46. Ka5 Kxe7 47. b6 Bc6 48. Ka6 Kf6 49. Nf2 Kf5 50. b7 Bxb7+ 51. Kxb7 Kxf4 52. Kc6 Kf3 0-1

[Event "BRA-ch U26"]
[Site "Brasilia"]
[Date "2019.04.23"]
[Round "1"]
[White "Noguerol, Alvaro Vinueza"]
[Black "Rosa, Paulo Estevao"]
[Result "0-1"]
[WhiteElo "1800"]
[BlackElo "1890"]
[PlyCount "98"]
[EventDate "2019.04.23"]
[EventType "swiss"]
[EventRounds "7"]
[EventCountry "BRA"]
[SourceTitle "CBM 190 Extra"]
[Source "ChessBase"]
[SourceDate "2019.07.15"]
[SourceVersion "1"]
[SourceVersionDate "2019.07.15"]
[SourceQuality "1"]

1. c4 Nf6 2. Nc3 e6 3. Nf3 c5 4. e3 b6 5. d4 Bb7 6. Bd3 cxd4 7. exd4 d5 8. cxd5 Nxd5 9. Bb5+ Bc6 10. Bxc6+ Nxc6 11. Qa4 Qd7 12. 0-0 Be7 13. Nxd5 Qxd5 14. Ne5 b5 15. Qb3 Qxb3 16. axb3 Nxd4 17. Be3 Nxb3 18. Rxa7 Rxa7 19. Bxa7 0-0 20. Rd1 Rc8 21. Kf1 Bf6 22. f4 Bxe5 23. fxe5 Rc1 24. Ke2 Rxd1 25. Kxd1 Na5 26. Bc5 Nc4 27. Bd4 Kf8 28. b3 Na5 29. Kc2 Ke8 30. Kc3 Nc6 31. Kd3 Kd7 32. Bc3 Ne7 33. g4 Kc6 34. h4 Kd5 35. h5 Nc6 36. Ke3 Nxe5 37. Kf4 f6 38. g5 fxg5+ 39. Kxg5 Nf3+ 40. Kf4 Nd4 41. Bb4 e5+ 42. Kg5 Nxb3 43. Bf8 Nd4 44. Bxg7 Ne6+ 45. Kh6 Nxg7 46. Kxg7 b4 47. Kxh7 b3 48. Kg7 b2 49. h6 b1B 0-1

[Event "Brasilia Terraviva op"]
[Site "Brasilia"]
[Date "2018.01.14"]
[Round "6"]
[White "Noguerol, Alvaro Vinueza"]
[Black "Francelli, Derli"]
[Result "0-1"]
[WhiteElo "1796"]
[BlackElo "1602"]
[PlyCount "76"]
[EventDate "2018.01.11"]
[EventType "swiss"]
[EventRounds "7"]
[EventCountry "BRA"]
[SourceTitle "CBM 182 Extra"]
[Source "ChessBase"]
[SourceDate "2018.02.23"]
[SourceVersion "1"]
[SourceVersionDate "2018.02.23"]
[SourceQuality "1"]

1. c4 e6 2. g3 Nf6 3. Bg2 Be7 4. b3 d5 5. Nf3 0-0 6. Bb2 dxc4 7. bxc4 Nbd7 8. 0-0 c6 9. d3 Rb8 10. Nbd2 b5 11. Be5 Rb6 12. Bf4 Ba6 13. Qc2 Re8 14. a4 bxc4 15. Nxc4 Rb4 16. Nce5 c5 17. Nc6 Qb6 18. Nxb4 cxb4 19. Be3 Qb8 20. Qb3 Nd5 21. Bd4 Bb7 22. e4 N5f6 23. h3 a5 24. Rac1 e5 25. Be3 Ba6 26. Rfd1 Rc8 27. Rxc8+ Qxc8 28. Rc1 Qd8 29. Ng5 Qe8 30. f4 h6 31. Nf3 exf4 32. gxf4 Nh5 33. f5 Qb8 34. Bd4 Nf4 35. Bf1 Nxd3 36. Rc6 N3c5 37. Rg6 Nxb3 38. Rxg7+ Kf8 0-1

[Event "Brasilia Terraviva op"]
[Site "Brasilia"]
[Date "2018.01.12"]
[Round "3"]
[White "Noguerol, Alvaro Vinueza"]
[Black "Coutinho, Sidnei Bissacot"]
[Result "0-1"]
[WhiteElo "1796"]
[BlackElo "2053"]
[PlyCount "75"]
[EventDate "2018.01.11"]
[EventType "swiss"]
[EventRounds "7"]
[EventCountry "BRA"]
[SourceTitle "CBM 182 Extra"]
[Source "ChessBase"]
[SourceDate "2018.02.23"]
[SourceVersion "1"]
[SourceVersionDate "2018.02.23"]
[SourceQuality "1"]

1. d4 Nf6 2. c4 g6 3. f3 Bg7 4. e4 d6 5. Nc3 0-0 6. Be3 c5 7. dxc5 dxc5 8. Qxd8 Rxd8 9. Bxc5 Nc6 10. Nge2 Nd7 11. Ba3 Nde5 12. Nf4 Nd4 13. Rd1 Nc2+ 14. Kf2 Rxd1 15. Nxd1 Nxa3 16. bxa3 Bd7 17. Ne3 Rd8 18. Be2 Ba4 19. Rb1 b6 20. Ke1 Bh6 21. g3 Bxf4 22. gxf4 Nd3+ 23. Bxd3 Rxd3 24. Ke2 Rxa3 25. Rb2 Kg7 26. Nc2 Rc3 27. Ne3 Kh6 28. Rb4 Ra3 29. Rb2 Kh5 30. Nd5 Kh4 31. Nxe7 Kh3 32. f5 Kxh2 33. fxg6 hxg6 34. Nd5 g5 35. Ne3 Kg3 36. Rd2 f6 37. Nf1+ Kf4 38. Ne3 0-1

[Event "BRA-ch U26"]
[Site "Goiania"]
[Date "2017.10.19"]
[Round "1"]
[White "Noguerol, Alvaro Vinueza"]
[Black "De Souza, Arthur Olintho"]
[Result "0-1"]
[WhiteElo "1796"]
[BlackElo "2113"]
[PlyCount "116"]
[EventDate "2017.10.19"]
[EventType "swiss"]
[EventRounds "7"]
[EventCountry "BRA"]
[SourceTitle "CBM 181 Extra"]
[Source "ChessBase"]
[SourceDate "2017.12.12"]
[SourceVersion "1"]
[SourceVersionDate "2017.12.12"]
[SourceQuality "1"]

1. c4 c5 2. Nf3 Nc6 3. Nc3 e5 4. g3 g6 5. Bg2 Bg7 6. 0-0 Nge7 7. a3 0-0 8. Rb1 a5 9. d3 h6 10. Ne1 d6 11. Nc2 Be6 12. Ne3 f5 13. Ned5 Kh7 14. e3 Bxd5 15. cxd5 Nb8 16. Ne2 Na6 17. f4 Nc7 18. e4 b5 19. b4 cxb4 20. d4 bxa3 21. Bxa3 b4 22. Bb2 fxe4 23. dxe5 Nexd5 24. exd6 Ne3 25. dxc7 Qxc7 26. Qc1 Qb6 27. Bxg7 Kxg7 28. Qb2+ Kh7 29. Qd4 Qxd4 30. Nxd4 Nxf1 31. Kxf1 Rfd8 32. Bxe4 Rac8 33. Nf3 Rc4 34. Bxg6+ Kg7 35. Ne5 Rcd4 36. Bh5 Rd2 37. Rc1 Rxh2 38. Rc7+ Kf8 39. Ng6+ Kg8 40. Be2 Rxe2 41. Kxe2 b3 42. f5 Rd6 43. Rb7 a4 44. Ke3 Ra6 45. Ne7+ Kf8 46. f6 Rxf6 47. Kd2 Rf2+ 48. Kc1 a3 49. Ng6+ Kg8 50. Ne7+ Kf8 51. Ng6+ Ke8 52. Rxb3 Rf1+ 53. Kc2 a2 54. Ra3 a1Q 55. Rxa1 Rxa1 56. Kd3 Kf7 57. Nf4 Ra3+ 58. Ke4 Rxg3 0-1

[Event "BRA-ch U26"]
[Site "Cuiaba"]
[Date "2016.11.05"]
[Round "4"]
[White "Noguerol, Alvaro Vinueza"]
[Black "Vitorazzi, Vitor Jose Batista"]
[Result "1/2-1/2"]
[WhiteElo "1811"]
[BlackElo "1650"]
[PlyCount "45"]
[EventDate "2016.11.03"]
[EventType "swiss"]
[EventRounds "7"]
[EventCountry "BRA"]
[SourceTitle "CBM 175 Extra"]
[Source "ChessBase"]
[SourceDate "2016.12.12"]
[SourceVersion "1"]
[SourceVersionDate "2016.12.12"]
[SourceQuality "1"]

1. d4 Nf6 2. c4 d6 3. Nc3 g6 4. e4 Bg7 5. Bg5 0-0 6. f4 c6 7. Bd3 Qb6 8. Nge2 Ng4 9. Bxe7 Bxd4 10. Nxd4 Qxd4 11. Qe2 Re8 12. Bh4 f5 13. 0-0-0 Na6 14. h3 Qe3+ 15. Qxe3 Nxe3 16. Rdg1 Nc5 17. Kd2 fxe4 18. Kxe3 exd3+ 19. Kd2 a5 20. Re1 Bf5 21. g4 Ne4+ 22. Kxd3 Nc5+ 23. Kd2 1/2-1/2

[Event "BRA-ch U26"]
[Site "Cuiaba"]
[Date "2016.11.04"]
[Round "2"]
[White "Noguerol, Alvaro Vinueza"]
[Black "Medeiros, Israel Costa Smith"]
[Result "0-1"]
[WhiteElo "1811"]
[BlackElo "2055"]
[PlyCount "92"]
[EventDate "2016.11.03"]
[EventType "swiss"]
[EventRounds "7"]
[EventCountry "BRA"]
[SourceTitle "CBM 175 Extra"]
[Source "ChessBase"]
[SourceDate "2016.12.12"]
[SourceVersion "1"]
[SourceVersionDate "2016.12.12"]
[SourceQuality "1"]

1. f4 Nf6 2. Nf3 d5 3. e3 c5 4. c3 g6 5. d4 Bg7 6. Bb5+ Bd7 7. Bxd7+ Nbxd7 8. 0-0 0-0 9. Ne5 Ne4 10. Qb3 Nxe5 11. fxe5 Qd7 12. Nd2 c4 13. Qc2 Nxd2 14. Bxd2 f6 15. exf6 exf6 16. e4 dxe4 17. Qxe4 Rfe8 18. Qf4 Re2 19. Rad1 Rae8 20. Bc1 b5 21. h3 f5 22. Qg3 a5 23. a3 Qe7 24. Bd2 Qe4 25. Kh2 b4 26. axb4 axb4 27. Qf3 b3 28. Qxe4 R8xe4 29. Kg3 Bf8 30. Bc1 Kf7 31. Kf3 h6 32. Rf2 Re1 33. Rf1 Rxf1+ 34. Rxf1 h5 35. Bf4 Be7 36. Ra1 g5 37. Bh2 g4+ 38. hxg4 hxg4+ 39. Kf2 f4 40. Bg1 Bh4+ 41. Kf1 f3 42. gxf3 gxf3 43. Rb1 Re2 44. d5 Bg3 45. Bc5 Rh2 46. Bg1 Rh1 0-1

[Event "BRA-ch U26"]
[Site "Uberlandia"]
[Date "2015.10.17"]
[Round "4"]
[White "Noguerol, Alvaro Vinueza"]
[Black "Paz, Rick Astley Santos"]
[Result "1-0"]
[WhiteElo "1792"]
[BlackElo "1800"]
[PlyCount "133"]
[EventDate "2015.10.15"]
[EventType "swiss"]
[EventRounds "7"]
[EventCountry "BRA"]
[SourceTitle "CBM 168 Extra"]
[Source "ChessBase"]
[SourceDate "2015.10.29"]
[SourceVersion "1"]
[SourceVersionDate "2015.10.29"]
[SourceQuality "1"]

1. e4 e5 2. Nf3 d6 3. d4 Nd7 4. Bc4 c6 5. 0-0 Ngf6 6. Re1 Be7 7. c3 0-0 8. Nbd2 Qc7 9. a4 d5 10. exd5 cxd5 11. dxe5 dxc4 12. exf6 Nxf6 13. Qe2 Bc5 14. Qxc4 Be6 15. Qh4 Bg4 16. Ne4 Nxe4 17. Rxe4 f5 18. Re1 Rad8 19. Bg5 Rd7 20. Ne5 Rd5 21. Bf4 Bd6 22. Qg3 Re8 23. Nxg4 Rxe1+ 24. Rxe1 fxg4 25. Bxd6 Qxd6 26. Qxg4 Qc6 27. h4 Rd2 28. b4 h6 29. h5 Qf6 30. Qc4+ Kh7 31. Qe4+ Kg8 32. Qe3 Rd5 33. Qe8+ Kh7 34. Qe4+ Qf5 35. g4 Qxe4 36. Rxe4 Rd7 37. Kg2 Kg8 38. Kf3 Kf7 39. Ke3 Rc7 40. c4 b6 41. f4 Kf6 42. Kd3 Rd7+ 43. Kc3 Rc7 44. Re5 Rc6 45. a5 bxa5 46. Rxa5 Rc7 47. Ra6+ Ke7 48. Rg6 Kf7 49. c5 a5 50. bxa5 Rxc5+ 51. Kb4 Rd5 52. a6 Rd4+ 53. Kb5 Rd5+ 54. Kc6 Ra5 55. Kb7 Rb5+ 56. Rb6 Rd5 57. a7 Rd7+ 58. Ka6 Rd2 59. a8Q Ra2+ 60. Kb7 Rxa8 61. Kxa8 Ke7 62. Rg6 Kf7 63. Kb8 Kf8 64. Kc8 Kf7 65. Kd8 Kf8 66. f5 Kf7 67. Kd7 1-0

[Event "Brasilia FBX 50"]
[Site "Brasilia"]
[Date "2015.09.05"]
[Round "2"]
[White "Noguerol, Alvaro Vinueza"]
[Black "Da Silva Filho, Jair Humberto"]
[Result "1/2-1/2"]
[WhiteElo "1763"]
[BlackElo "1983"]
[PlyCount "52"]
[EventDate "2015.09.05"]
[EventType "swiss"]
[EventRounds "6"]
[EventCountry "BRA"]
[SourceTitle "EXT 2016"]
[Source "ChessBase"]
[SourceDate "2015.10.08"]
[SourceVersion "1"]
[SourceVersionDate "2015.10.08"]
[SourceQuality "1"]

1. d4 Nf6 2. c4 g6 3. f3 Bg7 4. e4 d6 5. Nc3 0-0 6. Be3 Nbd7 7. Nge2 c5 8. d5 Ne5 9. Ng3 h5 10. Be2 Ne8 11. Qd2 Kh7 12. f4 Ng4 13. Bxg4 Bxg4 14. f5 h4 15. h3 Bh5 16. Nxh5 gxh5 17. 0-0 Be5 18. Bg5 Bg3 19. Qe2 Rh8 20. Qxh5+ Kg8 21. Qg4 Kf8 22. Ne2 Be5 23. Nf4 Nf6 24. Ne6+ fxe6 25. fxe6 Qe8 26. Rf5 Bd4+ 1/2-1/2

[Event "Bra IRT Marista U2200 1st"]
[Site "Bra"]
[Date "2015.08.30"]
[Round "4.6"]
[White "Fontes, Matheus Consolmagno"]
[Black "Noguerol, Alvaro Vinueza"]
[Result "0-1"]
[WhiteElo "1486"]
[BlackElo "1763"]
[PlyCount "82"]
[EventDate "2015.08.29"]
[EventType "swiss"]
[EventRounds "5"]
[EventCountry "BRA"]
[SourceTitle "EXT 2022"]
[Source "ChessBase"]
[SourceDate "2021.10.06"]
[SourceVersion "1"]
[SourceVersionDate "2021.10.06"]
[SourceQuality "1"]

1. e4 e5 2. Nf3 Nc6 3. Bc4 Nf6 4. Nc3 Bc5 5. d3 d6 6. h3 0-0 7. Bg5 Be6 8. Bb3 h6 9. Bh4 Qe7 10. 0-0 a6 11. a3 Nd4 12. Nxd4 Bxd4 13. Rb1 Bxb3 14. cxb3 c6 15. Ne2 Ba7 16. Kh1 g5 17. Bg3 Rad8 18. f3 Nh5 19. Bf2 Bb8 20. g4 Ng7 21. b4 d5 22. Qe1 Ne6 23. Ng3 Qf6 24. Qe2 Nd4 25. Bxd4 exd4 26. Nh5 Qd6 27. Rbe1 Rde8 28. Rf2 Qg6 29. Ref1 f5 30. exf5 Rxf5 31. gxf5 Qxh5 32. Qd2 Qxh3+ 33. Rh2 Qxh2+ 34. Qxh2 Bxh2 35. Kxh2 Re3 36. f4 Rxd3 37. fxg5 hxg5 38. f6 Kf7 39. Rf2 Re3 40. Rd2 d3 41. Kg2 Re2+ 0-1

[Event "BRA-ch U26"]
[Site "Brasilia"]
[Date "2015.06.11"]
[Round "3"]
[White "Noguerol, Alvaro Vinueza"]
[Black "Ramos, Erick Alexandre"]
[Result "0-1"]
[WhiteElo "1777"]
[BlackElo "1862"]
[PlyCount "48"]
[EventDate "2015.06.10"]
[EventType "swiss"]
[EventRounds "7"]
[EventCountry "BRA"]
[SourceTitle "CBM 167 Extra"]
[Source "ChessBase"]
[SourceDate "2015.09.14"]
[SourceVersion "1"]
[SourceVersionDate "2015.09.14"]
[SourceQuality "1"]

1. d4 Nf6 2. c4 c5 3. d5 b5 4. cxb5 a6 5. f3 axb5 6. e4 Qb6 7. e5 Ng8 8. Bd3 Bb7 9. Bc2 d6 10. e6 fxe6 11. dxe6 Nf6 12. Qe2 Nc6 13. Be3 g6 14. Nc3 Ba6 15. Qd2 Bg7 16. Nge2 0-0 17. h4 Nb4 18. Be4 d5 19. a3 Bb7 20. 0-0-0 Nxe4 21. Nxe4 dxe4 22. axb4 exf3 23. Nf4 Be4 24. Nd3 Rfd8 0-1

[Event "Brasilia FBX op"]
[Site "Brasilia"]
[Date "2015.03.01"]
[Round "4"]
[White "Miranda da Silva, Benur Wanderley"]
[Black "Noguerol, Alvaro Vinueza"]
[Result "0-1"]
[WhiteElo "1800"]
[BlackElo "1761"]
[PlyCount "91"]
[EventDate "2015.02.27"]
[EventType "swiss"]
[EventRounds "5"]
[EventCountry "BRA"]
[SourceTitle "CBM 165 Extra"]
[Source "ChessBase"]
[SourceDate "2015.04.21"]
[SourceVersion "1"]
[SourceVersionDate "2015.04.21"]
[SourceQuality "1"]

1. e4 d6 2. d4 g6 3. Nf3 Bg7 4. Be3 Nf6 5. Nc3 0-0 6. Be2 Nbd7 7. 0-0 c6 8. Qd2 b5 9. Rad1 Qc7 10. h3 Nb6 11. Bf4 Be6 12. b3 b4 13. Nb1 Nxe4 14. Qxb4 a5 15. Qe1 Nf6 16. c4 Nh5 17. Bh2 Qa7 18. Ng5 Nd7 19. Nxe6 fxe6 20. Bxh5 gxh5 21. Qxe6+ Rf7 22. Qe3 Raf8 23. Bg3 Kh8 24. Nc3 Nf6 25. Ne2 d5 26. Be5 Ne4 27. Bxg7+ Rxg7 28. f3 Ng5 29. f4 Ne4 30. Rf3 Qd7 31. Ng3 Rfg8 32. Kh2 Nxg3 33. Qe5 Ne4 34. Rg1 Qd6 35. Qxh5 dxc4 36. bxc4 Qxd4 37. Qe5 Qxe5 38. fxe5 Nd2 39. Rc3 h5 40. g3 Ne4 41. Re3 Nc5 42. h4 Rg4 43. Rc1 a4 44. Rcc3 Rd4 45. Kh3 Rgg4 46. Rf3 0-1

[Event "BRA-ch Universities"]
[Site "Aracaju"]
[Date "2014.10.30"]
[Round "1"]
[White "Abdalla, Luiz Guilherme"]
[Black "Noguerol, Alvaro Vinueza"]
[Result "1-0"]
[WhiteElo "2302"]
[BlackElo "1764"]
[PlyCount "79"]
[EventDate "2014.10.30"]
[EventType "swiss"]
[EventRounds "7"]
[EventCountry "BRA"]
[SourceTitle "EXT 2018"]
[Source "ChessBase"]
[SourceDate "2017.10.13"]
[SourceVersion "1"]
[SourceVersionDate "2017.10.13"]
[SourceQuality "1"]

1. d4 Nf6 2. c4 g6 3. Nc3 Bg7 4. e4 d6 5. Nf3 0-0 6. Be2 e5 7. 0-0 Nc6 8. d5 Ne7 9. b4 Nh5 10. g3 f5 11. Ng5 Nf6 12. Bf3 Kh8 13. Bg2 fxe4 14. Ncxe4 Nxe4 15. Nxe4 h6 16. Bb2 Bf5 17. Qd2 Qd7 18. f4 Bxe4 19. Bxe4 exf4 20. Rxf4 Rxf4 21. Bxg7+ Kxg7 22. Qxf4 Rf8 23. Qd2 Qg4 24. Re1 Nf5 25. Qd3 Qg5 26. Bxf5 Qxf5 27. Re7+ Rf7 28. Qxf5 gxf5 29. Re8 f4 30. g4 Kf6 31. Kf2 Kg5 32. Rg8+ Kf6 33. Re8 Kg5 34. Kf3 h5 35. Rg8+ Kf6 36. gxh5 Ke5 37. Re8+ Kd4 38. Re4+ Kc3 39. Rxf4 Rh7 40. Kg4 1-0

[Event "BRA-ch Amateur"]
[Site "Sao Paulo"]
[Date "2014.03.03"]
[Round "5"]
[White "Noguerol, Alvaro Vinueza"]
[Black "Ribeiro, Pablyto Robert Baio"]
[Result "1-0"]
[WhiteElo "1740"]
[BlackElo "2000"]
[PlyCount "131"]
[EventDate "2014.03.01"]
[EventType "swiss"]
[EventRounds "7"]
[EventCountry "BRA"]
[SourceTitle "EXT 2016"]
[Source "ChessBase"]
[SourceDate "2015.10.08"]
[SourceVersion "1"]
[SourceVersionDate "2015.10.08"]
[SourceQuality "1"]

1. d4 d5 2. c4 e6 3. Nc3 Nf6 4. Nf3 c6 5. Bg5 Be7 6. e3 Nbd7 7. Qc2 a6 8. Bd3 h6 9. Bf4 c5 10. cxd5 exd5 11. 0-0 0-0 12. Rac1 Re8 13. dxc5 Nxc5 14. Be2 Be6 15. Nd4 Rc8 16. Qb1 Bd6 17. b4 Bxf4 18. bxc5 Be5 19. Nxe6 Rxe6 20. Nxd5 Nxd5 21. Rfd1 Bxh2+ 22. Kxh2 Qh4+ 23. Kg1 Rf6 24. g3 Qg5 25. Qe4 Rd8 26. Bf3 Rf5 27. Qg4 Qxg4 28. Bxg4 Rg5 29. Bf3 Rd7 30. c6 bxc6 31. Rxc6 a5 32. Be4 Kf8 33. f4 Rxg3+ 34. Kf2 Rxe3 35. Rxd5 Rxd5 36. Bxd5 Ra3 37. Ke2 h5 38. Rc7 Rg3 39. Rxf7+ Ke8 40. Kf2 h4 41. Ra7 g5 42. fxg5 Rxg5 43. Rxa5 Ke7 44. Ra7+ Kd6 45. Bb3 Rh5 46. Kg2 Rh8 47. Kh3 Kc5 48. Ra4 Kb5 49. Rxh4 Ra8 50. Re4 Ra7 51. Kg3 Ra8 52. Kf3 Rf8+ 53. Ke3 Kc5 54. Kd3 Rd8+ 55. Kc3 Ra8 56. Re5+ Kd6 57. Rd5+ Kc6 58. Rd4 Kc5 59. Rc4+ Kb5 60. a4+ Ka5 61. Rc5+ Kb6 62. Rb5+ Kc7 63. Kb4 Ra7 64. Bd5 Kd6 65. Rb7 Ra8 66. Rd7+ 1-0